00696nam a2200181 a 4500008004100000020001500041050001500056100001700071245004400088250001200132260006000144350000900204650004200213650001600255995009600271999001700367952013000384120416s2000 ||||||||||||||||| || u a0750647566 aTA 153 Too aTooley, Mike10aEngineering GNVQ: intermediate. 2nd ed. a2nd ed. aOxford:bReed educational and professional publisc2000 a0.00 aENGINEERING--PROBLEMS, EXERCISES, ETC aENGINEERING D0.00FCBU-MAIN LIBRARY (Kitwe)H1I21.95M1UAVAILABLEZMain Library Open Access Collection c41943d41943 00102lcc4070a001b001cMain Library Open Access Collectiond2022-11-30l0oTA 153 Toop45357r2022-11-30w2022-11-30y002